[Event "Chigorin Memorial"]
[Site "St Petersburg RUS"]
[Date "2013.10.11"]
[Round "7.77"]
[White "Suleymanyants,O"]
[Black "Reshetnikov,Ruslan"]
[Result "1-0"]
[WhiteElo "2262"]
[BlackElo "1878"]

1.e4 d6 2.d4 Nf6 3.Nc3 e5 4.Bb5+ c6 5.Bc4 Nbd7 6.a4 Be7 7.Nf3 O-O 8.a5 Rb8
9.Ba2 b5 10.Qe2 Kh8 11.Bb3 Qc7 12.dxe5 dxe5 13.Ng5 Kg8 14.O-O h6 15.Nf3 Nc5
16.Be3 Nxb3 17.cxb3 Ng4 18.Rfc1 Nxe3 19.Qxe3 Bd6 20.Nh4 Qe7 21.Nf5 Bxf5 22.exf5 Bc5
23.f6  1-0

[Event "35th Arco Open 2013"]
[Site "Arco ITA"]
[Date "2013.10.12"]
[Round "1.2"]
[White "Karpatchev,A"]
[Black "Hilbenz,G"]
[Result "1-0"]
[WhiteElo "2461"]
[BlackElo "1909"]

1.e4 d6 2.d4 Nf6 3.Nc3 e5 4.Nf3 exd4 5.Nxd4 Be7 6.g3 O-O 7.Bg2 Nc6 8.O-O Nxd4
9.Qxd4 c6 10.h3 Qb6 11.Be3 Qxd4 12.Bxd4 Be6 13.f4 Rfd8 14.Rad1 Ne8 15.Rd2 Bf6
16.Bxf6 Nxf6 17.Rfd1 Ne8 18.e5 d5 19.Ne4 Rdc8 20.Nc5 b6 21.Nb3 g6 22.Nd4 Ng7
23.c4 Nf5 24.Nxf5 gxf5 25.cxd5 cxd5 26.Bxd5 Bxd5 27.Rxd5 Rc2 28.R1d2 Rac8
29.Kf2 Rxd2+ 30.Rxd2 Kf8 31.g4 fxg4 32.hxg4 Ke7 33.Kg3 Rc1 34.Rh2 Rg1+ 35.Kf3 Ke6
36.Rh6+ Kd5 37.Rd6+ Kc5 38.Rd7 Rf1+ 39.Ke4  1-0

[Event "35th Arco Open 2013"]
[Site "Arco ITA"]
[Date "2013.10.12"]
[Round "1.12"]
[White "Xia,J"]
[Black "Del Nevo,C"]
[Result "1-0"]
[WhiteElo "2282"]
[BlackElo "1889"]

1.e4 d6 2.d4 Nf6 3.Nc3 c6 4.h3 g6 5.Nf3 Bg7 6.Be3 b5 7.Bd3 Bb7 8.O-O O-O
9.Qd2 Nbd7 10.e5 dxe5 11.dxe5 Nxe5 12.Nxe5 Ne4 13.Bxe4 Qxd2 14.Bxd2 Bxe5
15.Rfd1 f5 16.Bf3 a6 17.Be3 Bd6 18.a4 b4 19.Na2 a5 20.Nc1 Rac8 21.Nb3 Ra8
22.Bc5 Rfd8 23.Bb6  1-0

[Event "4th Continental Class 2013"]
[Site "Arlington USA"]
[Date "2013.10.12"]
[Round "5.12"]
[White "Chan,Jam"]
[Black "Yagiz,B"]
[Result "1-0"]
[WhiteElo "2039"]
[BlackElo "1907"]

1.e4 d6 2.d4 Nf6 3.Nc3 e5 4.Nge2 Be7 5.g3 O-O 6.Bg2 c6 7.O-O b5 8.a3 Nbd7
9.h3 Nb6 10.b3 Qc7 11.Bb2 Bb7 12.g4 a6 13.Ng3 g6 14.Nce2 Rad8 15.Qd2 c5 16.d5 Nfd7
17.Kh1 c4 18.f4 f6 19.f5 Rf7 20.Rac1 Rc8 21.b4 Na4 22.Bc3 Bf8 23.h4 Bg7 24.Bh3 Re8
25.Rg1 Bc8 26.Rcf1 Nf8 27.Rg2 Qe7 28.Ng1 Nxc3 29.Qxc3 Bh6 30.N3e2 Rg7 31.g5 gxf5
32.gxh6 Rxg2 33.Bxg2 fxe4 34.Qg3+ Kh8 35.Bxe4 Ng6 36.h5 Nf8 37.Nh3 Nd7 38.Rg1 Rf8  1-0

[Event "7th Univ Cent Open 2013"]
[Site "Bogota COL"]
[Date "2013.10.12"]
[Round "5.9"]
[White "Contreras,H"]
[Black "Gomez Ledo,R"]
[Result "0-1"]
[WhiteElo "2216"]
[BlackElo "2426"]

1.e4 d6 2.d4 Nf6 3.Nc3 e5 4.Nf3 Nbd7 5.Bc4 Be7 6.O-O O-O 7.Re1 c6 8.a4 a5
9.b3 exd4 10.Nxd4 Ne5 11.Bf1 d5 12.f4 Bb4 13.Bb2 Neg4 14.h3 Nh6 15.e5 Ne4
16.Nxe4 Bxe1 17.Qxe1 dxe4 18.Qxe4 c5 19.Bd3 g6 20.Nb5 Bf5 21.Qc4 Ra6 22.Nd6 Qh4
23.Qxc5 Bxd3 24.cxd3 Nf5 25.Nxf5 gxf5 26.e6 Rxe6 27.Qxf5 Re2 28.Bd4 Rd8 29.Qf6 Qxf6
30.Bxf6 Rxd3 31.Rc1 Re8 32.Rc5 Rxb3 33.Rxa5 h6 34.Rh5 Kh7 35.f5 Rb6 36.Bg5 Re5
37.Bd8 Rc6 38.a5 Rcc5 39.Rh4 Rxf5 40.Rb4 Rb5 41.Re4 Rb1+ 42.Kh2 Rb2 43.h4 Rff2
44.Rg4 f5 45.Rg3 f4 46.Rg4 f3 47.Bf6 Rxg2+  0-1

[Event "Indonesia Open 2013"]
[Site "Jakarta INA"]
[Date "2013.10.12"]
[Round "3.22"]
[White "Cao,S"]
[Black "Tirto"]
[Result "1-0"]
[WhiteElo "2485"]
[BlackElo "2328"]

1.e4 d6 2.d4 Nf6 3.Nc3 e5 4.Nf3 Nbd7 5.Bc4 Be7 6.O-O O-O 7.Re1 c6 8.a4 a5
9.b3 exd4 10.Nxd4 Nb6 11.Bf1 d5 12.e5 Ne8 13.Nce2 g6 14.Bh6 Ng7 15.Nf4 Re8
16.Bxg7 Kxg7 17.Qf3 Kg8 18.Rad1 Bf8 19.c4 Bg7 20.e6 Bxe6 21.Ndxe6 fxe6 22.Nxe6 Qf6
23.Qxf6 Bxf6 24.cxd5 cxd5 25.Bb5 Re7 26.Nc5 Rc8 27.Rxe7 Bxe7 28.Nd7 Nxd7
29.Bxd7 Rc2 30.Be6+ Kg7 31.Bxd5 b6 32.Bc4 Bc5 33.Rd7+ Kh8 34.Rf7 Rc1+ 35.Bf1 Rc3
36.g3 Rxb3 37.Kg2 Rb4 38.Bb5 Re4 39.f4 Re7 40.Rf6 Kg7 41.Rc6 Rf7 42.Bc4 Rd7
43.Kf3 Re7 44.Be6 Kf6 45.Bd5+ Kg7 46.Be4 Rf7 47.Bd5 Re7 48.Bc4 Rd7 49.g4 Re7
50.Be6 Rb7 51.g5 Re7 52.Ke4 h6 53.h4 Bf2 54.h5 hxg5 55.fxg5 gxh5 56.Kf5 h4
57.Rc8 Bd4 58.Rg8+ Kh7 59.Rd8 Bc3 60.Rc8 Bd4 61.Rc4 Be3 62.Rxh4+ Kg7 63.g6 Bh6
64.Rc4 Be3 65.Rc3 Bd2 66.Rc8 Bb4 67.Rg8+ Kh6 68.Kf6 Kh5 69.Rh8+  1-0

[Event "Indonesia Open 2013"]
[Site "Jakarta INA"]
[Date "2013.10.12"]
[Round "3.51"]
[White "Sihite,Chelsie Monica"]
[Black "Purba,C"]
[Result "1/2-1/2"]
[WhiteElo "2267"]
[BlackElo "2193"]

1.e4 d6 2.d4 Nf6 3.Nc3 c6 4.a4 Nbd7 5.Nf3 e5 6.Bc4 Be7 7.h3 O-O 8.O-O Qa5
9.dxe5 dxe5 10.Bd2 Bb4 11.Qe2 Qc7 12.Nd1 Bxd2 13.Nxd2 Nc5 14.Qe3 Ne6 15.Re1 Nf4
16.Nf1 Qe7 17.Ng3 g6 18.Qa3 c5 19.Ne3 Rd8 20.Rad1 b6 21.Rxd8+ Qxd8 22.Rd1 Qe7
23.Qb3 Bb7 24.f3 h5 25.Nef5 gxf5 26.Nxf5 Qc7 27.Rd6 Nh7 28.Bxf7+ Kh8 29.Kh2 Rf8
30.Qc3 Rxf7 31.Qxe5+ Rf6 32.Qe8+ Rf8 33.Qe5+ Rf6 34.Qxf4 Qxd6 35.Qxd6 Rxd6
36.Nxd6 Bc6 37.b3 Kg7 38.e5 Ng5 39.f4 Ne4 40.Nf5+ Kf7 41.g4 hxg4 42.hxg4 Nc3
43.Nd6+ Ke6 44.Nc4 Be4 45.f5+ Bxf5 46.gxf5+ Kxf5 47.Kg2 Ne2 48.a5  1/2-1/2

[Event "Indonesia Open 2013"]
[Site "Jakarta INA"]
[Date "2013.10.12"]
[Round "4.26"]
[White "Hossain,Enam"]
[Black "Senador,E"]
[Result "0-1"]
[WhiteElo "2445"]
[BlackElo "2323"]

1.e4 d6 2.d4 Nf6 3.Nc3 e5 4.Nf3 Nbd7 5.g3 g6 6.Bg2 Bg7 7.O-O O-O 8.Re1 Re8
9.h3 c6 10.a4 a5 11.Be3 Qc7 12.Nd2 Ng4 13.d5 Nxe3 14.Rxe3 Bh6 15.Re1 Nb6
16.b3 cxd5 17.Nxd5 Nxd5 18.exd5 f5 19.Nc4 Bd7 20.Ra2 Qc5 21.c3 Re7 22.Qd3 b5
23.axb5 Bxb5 24.Bf1 Rea7 25.Qc2 e4 26.Rb2 Rc8 27.b4 axb4 28.Rxb4 Be8 29.Qb3 Re7
30.Rb7 Bf8 31.Ra1 Bf7 32.Rb5 Qc7 33.Ra6 Ree8 34.Rb7 Qd8 35.Ne3 Rb8 36.Rab6 Rxb7
37.Rxb7 Qf6 38.c4 h5 39.Ng2 Qd4 40.Rc7 Bh6 41.Qb7 Rf8 42.Qa7 Qxa7 43.Rxa7 Rb8
44.Rd7 Rb6 45.Rd8+ Kg7 46.h4 Kf6 47.Rd7 Be8 48.Rc7 Rb1 49.Nf4 Bxf4 50.gxf4 Ba4
51.Kg2 Bd1 52.Rd7 Bf3+  0-1

[Event "Bundesliga 2013-14"]
[Site "Munich GER"]
[Date "2013.10.12"]
[Round "1"]
[White "Navara,D"]
[Black "Bezold,M"]
[Result "1/2-1/2"]
[WhiteElo "2703"]
[BlackElo "2524"]

1.d4 d6 2.e4 Nf6 3.Nc3 c6 4.f4 Qa5 5.Bd2 Qb6 6.Nf3 Bg4 7.Na4 Qc7 8.h3 Bxf3
9.Qxf3 e5 10.dxe5 dxe5 11.O-O-O Nbd7 12.g4 h6 13.g5 hxg5 14.fxg5 Nh5 15.Bc4 Nf4
16.Bxf7+ Kxf7 17.Bxf4 exf4 18.Qb3+ Ke8 19.Qe6+ Be7 20.Qg6+ Kf8 21.Qf5+ Ke8
22.e5 Nxe5 23.Rhe1 Rd8 24.Rxd8+ Kxd8 25.Rxe5 Rf8 26.Qd3+ Kc8 27.Qe4 Kd8 28.Rf5 Rxf5
29.Qxf5 f3 30.Qxf3 Bxg5+ 31.Kb1 Qe5 32.a3 Bf6 33.Nc3 Kc7 34.Nd1 Kd6 35.c3 Qd5
36.Qf4+ Qe5 37.Qb4+ Kc7 38.Qg4 Bg5 39.h4 Bf6 40.h5 Bg5 41.Nf2 Qe1+ 42.Ka2 Qxf2
43.Qxg5 Qf7+ 44.Kb1 Qf1+ 45.Kc2 Qe2+ 46.Kc1 Qe1+ 47.Kc2 Qe2+ 48.Kb3 Kb6 49.c4 a6
50.Qd8+ Ka7 51.Qd4+ Kb8 52.Qd6+ Ka8 53.Qf8+ Ka7 54.Qc5+ Kb8 55.Ka2 Ka8 56.a4 Kb8
57.Ka3 Ka8 58.b3 Kb8 59.Qg5 Ka8 60.a5 Kb8 61.Qf4+ Ka8 62.Qf5 Kb8 63.Qf4+ Ka8
64.Qf8+  1/2-1/2

[Event "TCh-FIN SM 2013-14"]
[Site "Oulu FIN"]
[Date "2013.10.12"]
[Round "3.4"]
[White "Vinke,D"]
[Black "Virtanen,A"]
[Result "1/2-1/2"]
[WhiteElo "2212"]
[BlackElo "2334"]

1.d4 d6 2.e4 Nf6 3.Nc3 e5 4.dxe5 dxe5 5.Qxd8+ Kxd8 6.Bc4 Ke8 7.Nf3 Bd6 8.h3 c6
9.a4 a5 10.Be3 Nbd7 11.O-O Ke7 12.Nh4 g6 13.Rad1 Bc5 14.Bxc5+ Nxc5 15.Nf3 Nfd7
16.b3 f6 17.Nd2 Nb6 18.f3 Rd8 19.Kf2 Rd4 20.Ke3 Be6 21.Bxe6 Nxe6 22.Ne2 Rd6
23.Nb1 Rad8 24.Rxd6 Rxd6 25.Rc1 h5 26.h4 Rd8 27.g4 Rh8 28.Rh1 Nc8 29.gxh5 Rxh5
30.Ng3 Rh6 31.h5 Nf4 32.hxg6  1/2-1/2

[Event "TCh-ISL Div1 2013-14"]
[Site "Reykjavik ISL"]
[Date "2013.10.12"]
[Round "3.3"]
[White "Jensson,E"]
[Black "Palsson,H ISL"]
[Result "1-0"]
[WhiteElo "2305"]
[BlackElo "2051"]

1.d4 d6 2.e4 Nf6 3.Nc3 e5 4.Nf3 Nbd7 5.Bc4 Be7 6.Bxf7+ Kxf7 7.Ng5+ Kg8 8.Ne6 Qe8
9.Nxc7 Qg6 10.Nxa8 Qxg2 11.Rf1 exd4 12.Qxd4 Ne5 13.f3 Nfg4 14.Bf4 Nxh2 15.O-O-O Nxf1
16.Bxe5 Be6 17.Bxd6 Bxd6 18.Qxd6 Kf7 19.Nc7 Bh3 20.e5 Qg5+ 21.Kb1 Qe7 22.e6+ Bxe6
23.Qf4+ Qf6 24.Nxe6 Qxf4 25.Nxf4 Nh2 26.Ne4 Re8  1-0

[Event "Chigorin Memorial"]
[Site "St Petersburg RUS"]
[Date "2013.10.12"]
[Round "8.73"]
[White "Kharchenko,Da"]
[Black "Suleymanyants,O"]
[Result "0-1"]
[WhiteElo "2023"]
[BlackElo "2262"]

1.e4 d6 2.d4 Nf6 3.Nc3 e5 4.Nf3 Nc6 5.Bb5 exd4 6.Nxd4 Bd7 7.Bxc6 bxc6 8.Qf3 Rb8
9.O-O Be7 10.Nf5 Bxf5 11.exf5 d5 12.b3 O-O 13.Bb2 Bd6 14.Rfe1 Rb4 15.g3 h5
16.a3 Rb8 17.h4 Ng4 18.Ne2 Qd7 19.Rad1 Rbe8 20.Kg2 Be5 21.Bd4 Bxd4 22.Nxd4 c5
23.Ne2 c6 24.Nc1 Qd6 25.Nd3 a5 26.Nf4 g6 27.c4 d4 28.fxg6 fxg6 29.Rxe8 Rxe8
30.Qd3 Kg7 31.b4 axb4 32.axb4 cxb4 33.c5 Qf6 34.Ra1 Re7 35.Ra8 Rd7 36.Re8 b3
37.Ne6+ Kf7 38.Rf8+ Kxe6 39.Qxb3+ Ke7 40.Rxf6 Nxf6 41.Qd3 Rd5 42.f3 Nd7 43.Qe4+ Kd8
44.Kf1 d3 45.Qa4 d2 46.Qd1 Ne5 47.Ke2 Nc4  0-1

[Event "Chigorin Memorial"]
[Site "St Petersburg RUS"]
[Date "2013.10.12"]
[Round "8.114"]
[White "Mushak,Alexander"]
[Black "Gantsevich,A"]
[Result "1-0"]
[WhiteElo "1801"]
[BlackElo "1922"]

1.e4 d6 2.d4 Nf6 3.Nc3 c6 4.Nf3 g6 5.Bd3 Bg7 6.O-O O-O 7.Ne2 Nbd7 8.Ng3 e5
9.c3 Re8 10.Re1 Nf8 11.h3 Qc7 12.Qc2 Ne6 13.Be3 b6 14.Bc4 b5 15.Bxe6 Bxe6
16.dxe5 dxe5 17.Ng5 Bc8 18.c4 h6 19.Nf3 bxc4 20.Qxc4 Be6 21.Qc2 Nd7 22.Rac1 Rec8
23.Nd2 Bf8 24.b3 Nb6 25.Bc5 Bg7 26.Red1 h5 27.Nf3 Rd8 28.Rxd8+ Rxd8 29.Bxb6 axb6
30.Rd1 c5 31.Rxd8+ Qxd8 32.Qd2 Qxd2 33.Nxd2 b5 34.Kf1 Kf8 35.Ne2 Ke7 36.Nc3 Bd7
37.Ke2 Kd6 38.Kd3 Bc6 39.a4 c4+ 40.bxc4 bxa4 41.Nd5 f5 42.f3 Bh6 43.Nb1 Kc5
44.Kc3 Bf8 45.Na3 fxe4 46.fxe4 g5 47.Nc2 Bh6 48.Ndb4 Bf8 49.Nd3+ Kd6 50.c5+ Ke6
51.Kc4 a3 52.Ndb4 Ba4 53.Ne3 Be8 54.Ned5 Bg6 55.Nc3 g4 56.hxg4 hxg4 57.Nc2 a2
58.Nxa2 Bxe4 59.Ne3 g3 60.Nc3 Bb7 61.Nf1 Bxg2 62.Nxg3 Bc6 63.Nge2 Kf5 64.Nd5 Bb7
65.Nec3 Ba6+ 66.Nb5 e4 67.c6 Bd6 68.Nb4 Kf4 69.Nxa6 e3 70.Nxd6 e2 71.Nb4 Ke5
72.Kc5 Ke6 73.Nc2 Ke7 74.c7  1-0

[Event "TCh-SUI 2013"]
[Site "Switzerland SUI"]
[Date "2013.10.12"]
[Round "8.7"]
[White "Friedrich,N"]
[Black "Marentini,M"]
[Result "1-0"]
[WhiteElo "2312"]
[BlackElo "2064"]

1.e4 d6 2.d4 Nf6 3.Nc3 e5 4.Nf3 Nbd7 5.Bc4 Be7 6.O-O O-O 7.Re1 c6 8.a4 h6
9.Ba2 Qc7 10.h3 Re8 11.Be3 Nf8 12.Re2 Be6 13.d5 Bd7 14.Nd2 Ng6 15.Nc4 c5
16.Qd3 Nh5 17.Ree1 Ngf4 18.Bxf4 Nxf4 19.Qf3 Rf8 20.Nb5 Qb8 21.Bb3 b6 22.Kh2 a6
23.Nc3 Qc7 24.a5 b5 25.Nb6 Rab8 26.Ne2 Ng6 27.Ng3 Nh4 28.Qe2 f5 29.Nxd7 Qxd7
30.exf5 Nxf5 31.Ne4 Nd4 32.Qd1 Bh4 33.Rf1 Bd8 34.c3 Nxb3 35.Qxb3 Rf4 36.Qc2 b4
37.c4 Bc7 38.Rfe1 Rbf8 39.Re3 Qd8 40.Kg1 Qd7 41.Qd1 Qf5 42.Qe2 Qg6 43.Re1 Qe8
44.Qd1 Kh8 45.R1e2 Qd7 46.Rd2 Bd8 47.Rdd3 Be7 48.g3 R4f5 49.Kg2 Bd8 50.b3 Bc7
51.Qe2 Qf7 52.Rd2 Qg6 53.Qg4 Qf7 54.Qd1 Qg6 55.Qe2 Kg8 56.Kg1 Kh8 57.Qg4 Qf7
58.h4 Kg8 59.Rde2 Kh8 60.Rd3 Kg8 61.Rde3 Kh8 62.Rd2 Kg8 63.Qe2 Qg6 64.Kf1 Kh8
65.Ke1 Kg8 66.Kd1 Bxa5 67.h5 Rxh5 68.Ra2 Rh2 69.Rf3 Rxf3 70.Qxf3 Bc7 71.Rxa6 Kh7
72.Rc6 Bd8 73.Rxd6 Bf6 74.Re6 Kh8 75.Kc1 Rh5 76.Nxf6 Rf5 77.Qxf5  1-0

[Event "7th Univ Cent Open 2013"]
[Site "Bogota COL"]
[Date "2013.10.13"]
[Round "7.8"]
[White "Sanchez Castillo,S"]
[Black "Gomez Ledo,R"]
[Result "0-1"]
[WhiteElo "2212"]
[BlackElo "2426"]

1.e4 d6 2.d4 Nf6 3.Nc3 Nbd7 4.Nf3 e5 5.Bc4 Be7 6.Bxf7+ Kxf7 7.Ng5+ Kg8 8.Ne6 Qe8
9.Nxc7 Qg6 10.Nxa8 Qxg2 11.Rf1 exd4 12.Qxd4 Ne5 13.f4 Nfg4 14.Qd5+ Nf7 15.Qc4 Bh4+
16.Kd1 Be6 17.Qe2 Ne3+ 18.Qxe3 Bg4+ 19.Rf3 Bxf3+ 20.Ne2 Bf2 21.Qd3  0-1

[Event "12th Istanbul Open A 2013"]
[Site "Istanbul TUR"]
[Date "2013.10.13"]
[Round "2.4"]
[White "Bagci,H"]
[Black "Yurtseven,M"]
[Result "0-1"]
[WhiteElo "1964"]
[BlackElo "2268"]

1.e4 d6 2.d4 Nf6 3.Nc3 e5 4.dxe5 dxe5 5.Qxd8+ Kxd8 6.Bc4 Ke8 7.Bg5 Nbd7 8.O-O-O Bd6
9.f3 a6 10.a3 h6 11.Be3 b5 12.Bb3 Bb7 13.Nd5 a5 14.Ne2 b4 15.a4 Ba6 16.Rhe1 Rb8
17.Kb1 Nxd5 18.Rxd5 Ke7 19.Ng3 g6 20.Red1 Ra8 21.Nf1 Bb7 22.R5d2 Nf6 23.Bc4 Bc6
24.b3 Bd7 25.Bf2 Be6 26.Ne3 Rhd8 27.Bh4 g5 28.Bf2 h5 29.Bxe6 fxe6 30.Nc4 h4
31.Be3 Rg8 32.Nxd6 cxd6 33.Rxd6 Nd5 34.R1xd5 exd5 35.Rxd5 Ke6 36.Bb6 g4 37.Bxa5 h3
38.Bb6 hxg2 39.fxg4 Rxg4 40.Rd1 Rf8 41.Kb2 Rf1 42.Rd8 g1=Q 43.Bxg1 Rgxg1
44.Rd2 Rb1+  0-1

[Event "Indonesia Open 2013"]
[Site "Jakarta INA"]
[Date "2013.10.13"]
[Round "5.44"]
[White "Zozulia,A"]
[Black "Purba,C"]
[Result "1-0"]
[WhiteElo "2330"]
[BlackElo "2193"]

1.e4 d6 2.d4 Nf6 3.Nc3 c6 4.Bg5 Nbd7 5.f4 Qa5 6.Qd2 e5 7.Nf3 Be7 8.f5 b5
9.Bd3 a6 10.dxe5 dxe5 11.O-O Qc7 12.a4 Bb7 13.Kh1 b4 14.Nd1 h6 15.Bh4 Rd8
16.Qe2 Nc5 17.Nf2 a5 18.Bc4 O-O 19.b3 Nh5 20.Bxe7 Qxe7 21.Nxe5 Qxe5 22.Qxh5 Nxe4
23.Nxe4 Qxe4 24.Rae1 Qd4 25.Re7 Rd7 26.f6 Bc8 27.Bxf7+ Kh8 28.Rxd7 Bxd7 29.Qg6 Rxf7
30.Qxf7 gxf6 31.Rxf6 Qd1+ 32.Rf1 Qd6 33.h3 Qe6 34.Qf8+ Kh7 35.Rf7+ Kg6 36.Qg7+ Kh5
37.Rf5+ Kh4 38.Qg4+  1-0

[Event "66th ch-RUS 2013"]
[Site "Nizhny Novgorod RUS"]
[Date "2013.10.13"]
[Round "8.5"]
[White "Goganov,A"]
[Black "Motylev,A"]
[Result "1-0"]
[WhiteElo "2575"]
[BlackElo "2676"]

1.d4 d6 2.e4 Nf6 3.Nc3 Nbd7 4.Nf3 e5 5.Bc4 Be7 6.O-O O-O 7.a4 c6 8.a5 Rb8
9.Qe2 Qc7 10.Be3 b5 11.axb6 axb6 12.d5 b5 13.Ra7 Bb7 14.dxc6 bxc4 15.cxd7 Qxd7
16.Qxc4 Rfc8 17.Qd3 h6 18.Nh4 Bf8 19.f4 Ng4 20.Nf5 Nxe3 21.Nxe3 exf4 22.Rxf4 d5
23.Ncxd5 Rd8 24.b4 Qe6 25.c3 Rd7 26.Ra1 Re8 27.Rd1 Kh8 28.Nf5 Qe5 29.Rff1 g6
30.Nxh6 Bxd5 31.Ng4 Qg5 32.Qh3+ Qh5 33.Qxh5+ gxh5 34.Nf6 Bc6 35.Nxd7 Bg7
36.Nf6 Rc8 37.Rf5 Bh6 38.Rxh5 Kg7 39.Ng4 Bf4 40.Rc5 Bb8 41.Kh1  1-0

[Event "TCh-ISL Div1 2013-14"]
[Site "Reykjavik ISL"]
[Date "2013.10.13"]
[Round "5.3"]
[White "Stefansson,H"]
[Black "Danielsen,Hen"]
[Result "1/2-1/2"]
[WhiteElo "2521"]
[BlackElo "2501"]

1.e4 d6 2.d4 Nf6 3.Nc3 e5 4.Nf3 Nbd7 5.Bc4 Be7 6.O-O O-O 7.a4 c6 8.Ba2 a5
9.h3 exd4 10.Nxd4 Nc5 11.Qf3 Be6 12.Be3 Nfd7 13.Qg3 Kh8 14.Rfd1 Qb8 15.Nde2 Re8
16.Bd4 Bf8 17.f3 Na6 18.Nf4 Bxa2 19.Nh5 f6 20.Nxa2 Qc7 21.Rd2 Nac5 22.b3 Ne6
23.Bb2 Ne5 24.Rad1 Qf7 25.Nf4 Nc5 26.Nc3 f5 27.Ba3 fxe4 28.Nxe4 Nxe4 29.fxe4 Ng6
30.Nxg6+ Qxg6 31.Bxd6 Rxe4 32.Qc3 Qg5 33.Rf2 Bxd6 34.Rxd6 h6 35.Rd7 Re7 36.Rf7 Rxd7
37.Rxd7 Rd8 38.Rxd8+  1/2-1/2

[Event "Chigorin Memorial"]
[Site "St Petersburg RUS"]
[Date "2013.10.13"]
[Round "9.96"]
[White "Assaubayeva,Bibissara"]
[Black "Grachev,Andrey"]
[Result "0-1"]
[WhiteElo "1820"]
[BlackElo "2110"]

1.d4 d6 2.e4 Nf6 3.Nc3 e5 4.dxe5 dxe5 5.Qxd8+ Kxd8 6.Nf3 Bd6 7.Be3 c6 8.O-O-O Ke7
9.Ng5 Be6 10.Nxe6 fxe6 11.f3 Nbd7 12.Be2 b5 13.Rd2 Bc7 14.Rhd1 Bb6 15.Bg5 Nb8
16.Rd3 h6 17.Bh4 g5 18.Bg3 Nbd7 19.a3 a5 20.Na2 Rhc8 21.c4 Bd4 22.Rxd4 exd4
23.Rxd4 e5 24.Rd1 Nh5 25.Bf2 Nf4 26.Bf1 bxc4 27.g3 Nd3+ 28.Bxd3 cxd3 29.Rxd3 Rf8
30.h3 Rf6 31.Be1 Rd6 32.Re3 Nc5 33.Kc2 Ne6 34.Nc1 Nd4+ 35.Kb1 Rf6 36.Bc3 Raf8
37.Nd3 Rxf3 38.Rxf3 Nxf3 39.Bxa5 Ra8 40.Bc3 Rd8 41.Nxe5 Nxe5 42.Bxe5 Kf7
43.Kc2 Re8 44.Bd4 Rxe4 45.Kd3 Re1 46.a4 Ke6 47.Kc4 Rc1+ 48.Bc3 Kd6 49.a5 Kc7
50.Kc5 Rd1 51.Be5+ Kb7 52.a6+ Kxa6 53.Kxc6 Rc1+ 54.Kd5 Rh1 55.Ke6 Rxh3 56.Kf5 Kb5
57.Kg6 g4 58.Kf5 h5 59.Kg5 Kc4 60.Bf6 Rxg3 61.Kxh5 Rf3 62.Be5 g3 63.Kg4 g2
64.Bh2 Rf1 65.Kg3 g1=Q+ 66.Bxg1 Rxg1+ 67.Kf2 Rd1  0-1

[Event "Chigorin Memorial"]
[Site "St Petersburg RUS"]
[Date "2013.10.13"]
[Round "9.92"]
[White "Grinblat,Artemiy"]
[Black "Reshetnikov,Ruslan"]
[Result "1/2-1/2"]
[WhiteElo "2058"]
[BlackElo "1878"]

1.e4 d6 2.d4 Nf6 3.Nc3 e5 4.dxe5 dxe5 5.Qxd8+ Kxd8 6.Bg5 c6 7.Bc4 Ke8 8.O-O-O Nbd7
9.Nf3 h6 10.Bh4 b5 11.Bd3 Bc5 12.Bg3 Nh5 13.Bxe5 Bxf2 14.Rhf1 Bc5 15.Bd4 Nf4
16.Bxg7 Rg8 17.Bxh6 Nxg2 18.e5 Ne3 19.Bxe3 Bxe3+ 20.Kb1 a6 21.Ne4 Ke7 22.Nd6 Bc5
23.Be4 Nb8 24.Nxc8+ Rxc8 25.Ng5 Rf8 26.h4 Ra7 27.h5 Be3 28.Nh7 Rh8 29.Rf3 Bh6
30.Rdf1 Ke8 31.Nf6+ Kd8 32.Ng4 Bg5 33.h6 Bxh6 34.Rh3 Bg7 35.Rxh8+ Bxh8 36.Rh1 Bg7
37.Rh7 Rd7 38.a3 Bf8 39.Nh6 Bxh6 40.Rxh6 Rd1+ 41.Ka2 Re1 42.Bxc6 Rxe5 43.Bb7 Re6
44.Rh8+ Kc7 45.Bd5 Re2  1/2-1/2

[Event "TCh-SUI 2013"]
[Site "Switzerland SUI"]
[Date "2013.10.13"]
[Round "9.2"]
[White "Bauer,Ch"]
[Black "Hickl,J"]
[Result "1/2-1/2"]
[WhiteElo "2637"]
[BlackElo "2564"]

1.e4 d6 2.d4 Nf6 3.Nc3 e5 4.Nf3 exd4 5.Nxd4 Be7 6.Nde2 O-O 7.g3 b5 8.Bg2 Bb7
9.a3 Re8 10.O-O Bf8 11.Re1 Nbd7 12.Nd4 a6 13.Nf5 Rb8 14.Bf4 Ne5 15.h3 Nc4
16.b3 Nxa3 17.Rxa3 b4 18.Ra1 bxc3 19.Qd4 Re6 20.Re3 Nh5 21.Qxc3 g5 22.Bxg5 Qxg5
23.Qxc7 Qd8 24.Qc4 Rc8 25.Qe2 Ng7 26.Nd4 Re8 27.Rd1 Qb6 28.c4 Rc5 29.Qd3 Be7
30.h4 Re5 31.Nf3 Ra5 32.Nd4 Rc5 33.Qd2 Rc7 34.Nf5 Bf8 35.Nxd6 Bxd6 36.Qxd6 Rc6
37.Qd4 Qb4 38.e5 Rce6 39.Qf4 Bxg2 40.Kxg2 Qe7 41.Rd5 Rg6  1/2-1/2

[Event "35th Arco Open 2013"]
[Site "Arco ITA"]
[Date "2013.10.14"]
[Round "3.15"]
[White "De Eccher,S"]
[Black "Fuggetta,L"]
[Result "1-0"]
[WhiteElo "2239"]
[BlackElo "2015"]

1.e4 d6 2.d4 Nf6 3.Nc3 c6 4.a4 Qa5 5.Bd2 Qc7 6.Nf3 e5 7.h3 Be7 8.Bc4 O-O
9.Ba2 a5 10.O-O Nbd7 11.Re1 exd4 12.Nxd4 Nc5 13.Qf3 Be6 14.Nf5 Rfe8 15.Bg5 Bxa2
16.Rxa2 Ncd7 17.Qg3 Nh5 18.Qh4 Nhf6 19.Re3 Ne5 20.Nxg7 Kxg7 21.Qh6+ Kg8 22.Bxf6 Bxf6
23.Qxf6 Re6 24.Qh4 Rae8 25.Ra1 Nc4 26.Rg3+ Rg6 27.b3 Ne5 28.Ne2 Qb6 29.Nf4 Rxg3
30.Qxg3+ Ng6 31.Nh5 Qd4 32.c3 Qe5 33.Qf3 Re6 34.Rd1 Kh8 35.Qf5 Qxe4 36.Rd4 Qe1+
37.Kh2 h6 38.Rxd6 Kh7 39.Rd8  1-0

[Event "7th Univ Cent Open 2013"]
[Site "Bogota COL"]
[Date "2013.10.14"]
[Round "9.10"]
[White "Hernandez,Ja"]
[Black "Gomez Ledo,R"]
[Result "0-1"]
[WhiteElo "2290"]
[BlackElo "2426"]

1.e4 d6 2.d4 Nf6 3.Nc3 e5 4.Nf3 Nbd7 5.Bc4 Be7 6.O-O O-O 7.a4 c6 8.Re1 a5
9.h3 exd4 10.Nxd4 Nc5 11.Ba2 Qb6 12.Qf3 Qb4 13.Rd1 Be6 14.Bf4 Ne8 15.Qg3 Rd8
16.Bg5 Bxg5 17.Qxg5 Nf6 18.Nxe6 fxe6 19.e5 dxe5 20.Qxe5 Nd5 21.Ne2 Qh4 22.Qd4 Qe7
23.Qg4 Qf6 24.Qd4 Qxd4 25.Rxd4 Nb4 26.c3 Nxa2 27.Rxa2 Nb3 28.Rxd8 Rxd8 29.Ra3 Rd1+
30.Kh2 Nd2 31.b4 Nf1+  0-1

[Event "I La Marina"]
[Site "Ibiza ESP"]
[Date "2013.10.14"]
[Round "4.3"]
[White "Campos Moreno,J"]
[Black "Larino Nieto,D"]
[Result "1/2-1/2"]
[WhiteElo "2471"]
[BlackElo "2469"]

1.d4 d6 2.e4 Nf6 3.Nc3 e5 4.Nf3 Nbd7 5.Bc4 Nb6 6.Bb3 exd4 7.Qxd4 Be7 8.Bg5 O-O
9.O-O Bg4 10.Bxf6 gxf6 11.Nh4 Qd7 12.Qd3 Be6 13.Ne2 Kh8 14.Ng3 Rg8 15.Ngf5 Rad8
16.Rfe1 Qe8 17.c4 Nd7 18.Qc3 Ne5 19.f4 Ng6 20.Nxe7 Nxe7 21.Qxf6+ Rg7 22.Nf5 Bxf5
23.exf5 Rd7 24.Re3 Qf8 25.Rae1 Ng8 26.Qc3 f6 27.Re6 Rg4 28.g3 Qh6 29.c5 d5
30.Re8 c6 31.R1e6 Rf7 32.Bd1 Rgg7 33.Qf3 Qh3 34.Qh5 Rxg3+ 35.hxg3 Qxg3+ 36.Kf1 Rg7
37.Bf3 Qg1+ 38.Ke2 Qc1 39.Kd3  1/2-1/2

[Event "Indonesia Open 2013"]
[Site "Jakarta INA"]
[Date "2013.10.14"]
[Round "6.34"]
[White "Dewi,A"]
[Black "Senador,E"]
[Result "0-1"]
[WhiteElo "2133"]
[BlackElo "2323"]

1.e4 d6 2.d4 Nf6 3.Nc3 e5 4.Nge2 Nbd7 5.g3 g6 6.Bg2 Bg7 7.O-O O-O 8.h3 c6
9.a4 a5 10.Be3 Re8 11.dxe5 dxe5 12.Nc1 Qe7 13.Nd3 Nf8 14.f4 exf4 15.gxf4 Be6
16.Bc5 Qd7 17.Qf3 Nh5 18.Rad1 Qc7 19.e5 f6 20.Bd6 Qb6+ 21.Kh2 Nd7 22.Qe4 Bf5
23.Qc4+ Be6 24.Qe4 Bf5 25.Qc4+ Kh8 26.exf6 Nhxf6 27.Rfe1 Bxd3 28.Qxd3 Qf2
29.Rf1 Qh4 30.Qg3 Qh5 31.Rfe1 Qf5 32.Qd3 Qxd3 33.cxd3 Nh5 34.Bf3 Ndf6 35.Be5 Nd7
36.Bd6 Ndf6 37.Be5 Kg8 38.d4 Bh6 39.Ne4 Re6 40.Nxf6+ Nxf6 41.Kg3 Rae8 42.Rg1 Kf7
43.Bg4 R6e7 44.Be2 Nd5 45.Bc4 g5 46.fxg5 Bxg5 47.Rdf1+ Ke6 48.Kh2 h6 49.h4 Bd2
50.Rg6+ Kd7 51.Rd6+ Kc8 52.Bxd5 cxd5 53.Rd1 Be3 54.Rd3 Rxe5 55.dxe5 d4 56.e6 Kc7
57.Rd7+ Kc6 58.R3xd4 Bxd4 59.Rxd4 Rxe6 60.Kg3 Kc5 61.Rf4 Rb6 62.Kg4 Rxb2
63.Kh5 Rb4 64.Rf7 b6 65.Rf5+ Kc6 66.Rf6+ Kb7 67.Rxh6 Rxa4 68.Kg5 Ra1 69.h5 a4
70.Rh7+ Ka6 71.Rh8 a3 72.h6 Kb5 73.Ra8 Rg1+ 74.Kf4 Rh1 75.Rxa3 Rxh6 76.Rd3 Kc5
77.Rd1 Rd6 78.Ra1 Kc6 79.Rc1+ Kb7 80.Ke5 Rc6 81.Rb1 Rc4 82.Kd5 Rh4 83.Rb2 Ka6
84.Kc6 Rc4+ 85.Kd5 b5 86.Ra2+ Kb6 87.Ra8 Rc1 88.Kd4 b4 89.Kd3 Kb5 90.Kd2 Rc6
91.Rh8 Ka4 92.Kd1 b3 93.Ra8+ Kb4 94.Kd2 b2 95.Rb8+ Ka3 96.Ra8+ Kb3 97.Rb8+ Ka2
98.Ra8+ Kb1 99.Rh8 Ra6 100.Rb8 Ka2 101.Kc2 b1=Q+  0-1

[Event "Indonesia Open 2013"]
[Site "Jakarta INA"]
[Date "2013.10.14"]
[Round "7.37"]
[White "Smirnov,Ant"]
[Black "Juswanto,D"]
[Result "1/2-1/2"]
[WhiteElo "2306"]
[BlackElo "2417"]

1.e4 d6 2.d4 Nf6 3.Nc3 e5 4.Nf3 Nbd7 5.Bc4 Be7 6.O-O O-O 7.Bg5 c6 8.Qe2 Qc7
9.a4 a5 10.Rad1 Re8 11.h3 Nf8 12.Rfe1 h6 13.Bc1 Ne6 14.Bb3 Bf8 15.Qc4 Re7
16.Qd3 Re8 17.Ne2 b6 18.Ng3 Ba6 19.Bc4 b5 20.axb5 cxb5 21.Bxb5 Bxb5 22.Qxb5 Qxc2
23.Qd3 Rec8 24.Rd2 Qa4 25.b3 Qb4 26.Bb2 Nd7 27.Nf5 Rab8 28.Ra1 Qxb3 29.Qxb3 Rxb3
30.Ba3 Nf6 31.Re2 Nf4 32.Re3 Rxe3 33.fxe3 Nd3 34.dxe5 dxe5 35.Bxf8 Kxf8 36.Rxa5 Nxe4
37.Nxe5 Nxe5 38.Rxe5 Rc5 39.Rxe4 Rxf5  1/2-1/2

[Event "Indonesia Open 2013"]
[Site "Jakarta INA"]
[Date "2013.10.14"]
[Round "7.52"]
[White "Sucipto,H"]
[Black "Purba,C"]
[Result "1-0"]
[WhiteElo "2219"]
[BlackElo "2193"]

1.e4 d6 2.d4 Nf6 3.Nc3 c6 4.f4 Qa5 5.Bd3 e5 6.fxe5 dxe5 7.dxe5 Qxe5 8.Nf3 Qh5
9.O-O Bc5+ 10.Kh1 Bg4 11.Bf4 Nbd7 12.e5 Nd5 13.Nxd5 cxd5 14.Bb5 d4 15.Bxd7+ Bxd7
16.Nxd4 Bg4 17.Qd2 O-O 18.c3 Rac8 19.b4 Bb6 20.a4 a6 21.a5 Ba7 22.Bg3 Rfd8
23.Rf4 Be6 24.Re1 Qg6 25.Ree4 h5 26.Be1 Bd5 27.Re3 Qg5 28.Re2 Rd7 29.h3 Qg6
30.Kh2 Bb8 31.Bg3 Bc4 32.Re3 Re8 33.Qe1 Bd5 34.Qe2 Rde7 35.Rf2 f6 36.Nf5 Re6
37.Qd3 Rxe5  1-0